LEADER 01376nam a2200289 u 4500 001 000000007550 003 CaOOAMICUS 005 20070226105009.0 008 940514s1987 fr bk u000 u fre u 020 $a2-222-03912-6 035 $a10197960 040 $aPUL$bita 245 04$aLes conciles de la province de Tours = :$bConcilia provinciae Turonensis (saec. XIII-XV) /$cédités par Joseph Avril. 260 $aParis :$bÉditions du Centre National de la Recherche Scientifique,$c1987. 300 $a504 p. :$bc. geogr., prosp. ;$c25 cm 490 1 $aSources d'histoire médiévale 504 $a"Bibliographie": p. [13]-18. 650 4$aConcili e sinodi$zFrancia$zTours.$0(OLS)http://pul/subject/6668 700 1 $aAvril, Joseph.$0(OLS)http://pul/name/504 830 0$aSources d'histoire médiévale.$0(OLS)http://pul/title/11046 850 $aPUL 852 $aPUL$W1$xDP1 Fondo Maccarrone$y58$m1518 A 10$j10662$nBK-PRI$b $qFondi$B10662$CPULBib$Z2$F10662 $H $81 941 1 $a1 961 $aINV: 4490.F.Maccarrone 996 $6020$a2-222-03912-6$9(OLS)http://pul/number/9743 996 $6245$aLes conciles de la province de Tours = :$bConcilia provinciae Turonensis (saec. XIII-XV)$9(OLS)http://pul/title/11045 996 $6260$aParis :$bÉditions du Centre National de la Recherche Scientifique$9(OLS)http://pul/publisher/51764 LEADER 01248nam a2200289 u 4500 001 000000084909 003 CaOOAMICUS 005 20070226124129.0 008 050722s2004 enk u000 u eng u 020 $a1841134309 035 $a11054598 040 $aPUL$bita 245 00$aEnforcing international law norms against terrorism /$cedited by Andrea Bianchi ; with the editorial assistance of Yasmin Naqvi. 260 $aOxford :$bHart,$c2004. 300 $axxii, 549 p. ;$c24 cm 490 1 $aStudies in international law ;$v4 500 $aIndice: p. [535]-549. 504 $aBibliografia in nota. 650 4$aTerrorismo$xLegislazione.$0(OLS)http://pul/subject/28627 700 1 $aBianchi, Andrea.$0(OLS)http://pul/name/55850 830 0$aStudies in international law (Hart) ;$v4.$0(OLS)http://pul/title/110316 850 $aPUL 852 $aPUL$W1$xSL Diritto e Scienze Sociali 3$y79$m341. 7 Biaad 1$j107931$nBK-PRI$b $qDDC 21$B107931$CPULBib$Z2$F107931 $HPUL99460 $81 941 1 $a9 996 $6020$a1841134309$9(OLS)http://pul/number/112456 996 $6245$aEnforcing international law norms against terrorism$9(OLS)http://pul/title/110315 996 $6260$aOxford :$bHart$9(OLS)http://pul/publisher/76929